Respiratory reflexes in newborns

Bibliographic Details
Main Author: Javorka, Kamil, 1944- (Author)
Format: Article
Language:English
PhysicalDescription:Obr. 4. Res. slov., rus., lit. 76 zázn. v slov., angl., nem., poľ.
Subjects:

MARC

LEADER 00000nab a2200000 a 4500
001 vtls000211240
003 SK-MaSNL
005 20260318114644.0
008 220422c1984 xo 0 eng
015 |a SNBRA19rr/mm-uuuuu 
035 |a CL0221353 
040 |a SNKBUCL  |b slo  |c SNKBUCL  |e AACR2 
041 0 |a eng 
044 |a xo  |c SK 
080 |a 612.21-053.31  |2 1981 
100 1 |a Javorka, Kamil,  |d 1944-  |4 aut  |9 122869 
245 1 0 |a Respiratory reflexes in newborns  |c K. Javorka 
300 |b Obr. 4. Res. slov., rus., lit. 76 zázn. v slov., angl., nem., poľ. 
650 0 7 |a novorodenci  |2 snkbucl  |9 1225 
650 0 7 |a reflexy respiračné  |2 snkbucl  |9 922563 
655 7 |a články zo zborníkov  |2 snkbucl  |9 166140 
773 0 |t Folia medica Martiniana Universitatis Comenianae 10. Fasc. 1  |d Martin : Osveta, 1984  |g S. 127-145 
850 |a Slovenská národná knižnica v Martine  |a MTA001 
852 |a SNK  |b KIS3GCP 
958 |a NB 
958 |a RK 
958 |a ME 
992 |a RZB 
999 |c 3282914  |d 3284844